Illicit drug use by persons with disabilities: Insights from the National Household Survey on Drug Abuse

Saved in:  
Bibliographic Details
Authors: Gilson, Stephen F. (Author) ; Stapleton, June M. (Author) ; Chilcoat, Howard D. (Author)
Format: Electronic Article
Language:English
Published: 1996
In: American journal of public health
Year: 1996, Volume: 86, Issue: 11, Pages: 1613-1615
Online Access: Volltext (lizenzpflichtig)
Check availability: HBZ Gateway

MARC

LEADER 00000caa a22000002c 4500
001 1912580594
003 DE-627
005 20250126055014.0
007 cr uuu---uuuuu
008 241217s1996 xx |||||o 00| ||eng c
024 7 |a 10.2105/AJPH.86.11.1613  |2 doi 
035 |a (DE-627)1912580594 
035 |a (DE-599)KXP1912580594 
040 |a DE-627  |b ger  |c DE-627  |e rda 
041 |a eng 
084 |a 2,1  |2 ssgn 
100 1 |a Gilson, Stephen F.  |e VerfasserIn  |0 (DE-588)1262903289  |0 (DE-627)181080227X  |4 aut 
245 1 0 |a Illicit drug use by persons with disabilities: Insights from the National Household Survey on Drug Abuse 
264 1 |c 1996 
336 |a Text  |b txt  |2 rdacontent 
337 |a Computermedien  |b c  |2 rdamedia 
338 |a Online-Ressource  |b cr  |2 rdacarrier 
700 1 |a Stapleton, June M.  |e VerfasserIn  |4 aut 
700 1 |a Chilcoat, Howard D.  |e VerfasserIn  |4 aut 
773 0 8 |i Enthalten in  |t American journal of public health  |d Washington, DC : APHA, 1911  |g 86(1996), 11, Seite 1613-1615  |w (DE-627)332830799  |w (DE-600)2054583-6  |w (DE-576)273867059  |x 1541-0048  |7 nnas 
773 1 8 |g volume:86  |g year:1996  |g number:11  |g pages:1613-1615 
787 0 8 |i Forschungsdaten  |a United States Department of Health and Human Services. National Institutes of Health. National Institute on Drug Abuse  |t National Household Survey on Drug Abuse, 1991  |d [Erscheinungsort nicht ermittelbar] : [Verlag nicht ermittelbar], 1993  |w (DE-627)1840045159 
856 4 0 |u https://doi.org/10.2105/AJPH.86.11.1613  |x Resolving-System  |z lizenzpflichtig  |3 Volltext  |7 1 
935 |a mkri 
951 |a AR 
ELC |a 1 
LOK |0 000 xxxxxcx a22 zn 4500 
LOK |0 001 4637546095 
LOK |0 003 DE-627 
LOK |0 004 1912580594 
LOK |0 005 20241217044545 
LOK |0 008 241217||||||||||||||||ger||||||| 
LOK |0 035   |a (DE-2619)ICPSR11698 
LOK |0 040   |a DE-2619  |c DE-627  |d DE-2619 
LOK |0 092   |o n 
LOK |0 852   |a DE-2619 
LOK |0 852 1  |9 00 
LOK |0 935   |a nacp 
LOK |0 939   |a 17-12-24  |b l01 
ORI |a SA-MARC-krimdoka001.raw